|
|
|
|
| LEADER |
01149cam a2200277 i 4500 |
| 001 |
13286099 |
| 003 |
GR-PaULI |
| 005 |
20210117210807.0 |
| 008 |
181219s2003 nyu g b 001 0 eng d |
| 952 |
|
|
|0 0
|1 0
|2 ddc
|4 0
|6 791_430000000000000_1_DEL
|7 0
|9 228617
|a THST
|b THST
|d 2018-12-19
|i 007618
|l 0
|o 791.430 1 DEL
|p 025000255790
|r 2018-12-19 00:00:00
|t 1
|v 2018.00
|w 2018-12-19
|y BK15
|
| 999 |
|
|
|c 137851
|d 137851
|
| 010 |
|
|
|a 2003545423
|
| 020 |
|
|
|a 0415966035 (alk. paper)
|
| 020 |
|
|
|a 0415966043 (pbk. : alk. paper)
|
| 040 |
|
|
|a UKM
|c UKM
|d TKN
|d OCLCQ
|d IXA
|d DLC
|d GR-PaULI
|b gre
|e AACR2
|
| 082 |
0 |
0 |
|a 791.430 1
|2 23
|
| 100 |
1 |
|
|a Bogue, Ronald,
|d 1948-
|e συγγραφέας
|
| 245 |
1 |
0 |
|a Deleuze on cinema /
|c Ronald Bogue.
|
| 260 |
|
|
|a New York :
|b Routledge,
|c 2003.
|
| 300 |
|
|
|a x, 231 σ. ;
|c 24 εκ.
|
| 504 |
|
|
|a Περιλαμβάνει βιβλιογραφία και ευρετήριο.
|
| 600 |
1 |
4 |
|a Deleuze, Gilles,
|d 1925-1995.
|
| 650 |
|
4 |
|a Κινηματογράφος
|x Φιλοσοφία
|9 53545
|
| 856 |
4 |
2 |
|3 Publisher description
|u http://www.loc.gov/catdir/enhancements/fy0651/2003545423-d.html
|
| 942 |
|
|
|2 ddc
|c BK15
|
| 998 |
|
|
|c ΜΑΝΙΑ
|d 2018-12
|